| 000 | 01394nam a2200217 a 4500 | ||
|---|---|---|---|
| 001 | 000017387 | ||
| 005 | 20200929165111.0 | ||
| 008 | 100324s1985 dr a 001 0 spa d | ||
| 040 |
_aDO-SdBNP _bspa _cBNPHU |
||
| 082 |
_a629.287 _bP227m |
||
| 100 | 1 |
_aParedes Ciprián, Carlos Tomás, _d1948- _938066 |
|
| 245 | 1 | 0 |
_aManual de Kharlos para las emergencias mecánicas / _cCarlos Tomás Paredes Ciprián. |
| 260 |
_aSanto Domingo : _fTrébol, _c1985. |
||
| 300 |
_a53 p. : _bil. ; _c23 cm. |
||
| 500 | _aIncluye datos biográficos del autor en la cubierta. | ||
| 505 | 0 |
_gPrólogo -- _tDistribución de la corriente eléctrica -- _tMotores de arranque -- _tCausas por la que a veces los motores no encienden -- _tFallas en el sistema eléctrico -- _tFallas en los frenos -- _tCausa por las cuales el guía de un vehículo hala hacia los lados -- _tCausas que motivan las altas temperaturas -- _tVibraciones en la carrocería -- _tSonidos que indican desperfectos -- _tVehículos que botan humo por el mofler -- _tCausas que motivan los fallos en el motor -- _tCausas por las cuales un motor se apaga -- _tCómo cambiar los cables de la ignición -- _tMotores con retroceso -- _tMotor fundido o trancado -- _tPrevenciones. |
|
| 590 | _aInventariado,2018/DG | ||
| 650 | 4 |
_aAutomóviles _xMantenimiento y reparación _92181 |
|
| 650 | 4 |
_aAutomóviles _xManuales _938067 |
|
| 910 | _aValidado. Control de calidad EMS | ||
| 999 |
_c16912 _d16912 |
||